THE ESSENTIALS (Record no. 215902)

MARC details
000 -LEADER
fixed length control field 00477nam a22001817a 4500
008 - FIXED-LENGTH DATA ELEMENTS--GENERAL INFORMATION
fixed length control field 250716b |||||||| |||| 00| 0 eng d
020 ## - INTERNATIONAL STANDARD BOOK NUMBER
International Standard Book Number 0-748-78582-5
050 ## - LIBRARY OF CONGRESS CALL NUMBER
Classification number LB 2395 .M94 2004
Item number 109207
100 ## - MAIN ENTRY--PERSONAL NAME
Personal name MYERS BILL
245 ## - TITLE STATEMENT
Title THE ESSENTIALS
260 ## - PUBLICATION, DISTRIBUTION, ETC.
Place of publication, distribution, etc. LONDON
Name of publisher, distributor, etc. NELSON THOMAS LTD
300 ## - PHYSICAL DESCRIPTION
Extent iii-314p.
500 ## - GENERAL NOTE
General note IT HAS BIBLIOGRAPHY. REFERENCE AND THE INDEX
650 ## - SUBJECT ADDED ENTRY
Topical term or geographic name entry element MATHEMATICS
700 ## - ADDED ENTRY--PERSONAL NAME
Personal name MYERS BILL
942 ## - ADDED ENTRY ELEMENTS (KOHA)
Source of classification or shelving scheme Library of Congress Classification
Koha item type Long Loan Book
Holdings
Withdrawn status Lost status Source of classification or shelving scheme Damaged status Not for loan Collection Home library Current library Shelving location Date acquired Inventory number Total checkouts Full call number Barcode Date last seen Copy number Price effective from Koha item type
    Library of Congress Classification     Business & Economics Kisii University Library Kisii University Library On Display 07/16/2025 109207   LB 2395.M94 2004 +000000017625 07/16/2025 C.2 07/16/2025 Long Loan Book
    Library of Congress Classification     Business & Economics Kisii University Library Kisii University Library On Display 07/16/2025 109206   LB 2395.M94 2004 000000017626 07/16/2025 C.1 07/16/2025 Long Loan Book
    Library of Congress Classification     Business & Economics Kisii University Library Kisii University Library On Display 07/16/2025 109208   LB 2395.M94 2004 000000017627 07/16/2025 C.3 07/16/2025 Long Loan Book
    Library of Congress Classification     Business & Economics Kisii University Library Kisii University Library On Display 07/16/2025 109209   LB 2395.M94 2004 000000017628 07/16/2025 C.4 07/16/2025 Long Loan Book
    Library of Congress Classification     Business & Economics Kisii University Library Kisii University Library On Display 07/16/2025 109210   LB 2395.M94 2004 000000017629 07/16/2025 C.5 07/16/2025 Long Loan Book